Percepción cultural de cercas vivas en cuatro zonas de los Andes Colombianos. Ventanas de estudio: Cuanca del río Chambery (Aranzazu, Caldas), Cuenca del río Nima (Palmira, Valle del Cauca), Cuenca del río Cane-Iguaque (Villa del Leyva, Boyacá), Cuenca del río Pasto (Pasto, Nariño) (Registro nro. 6520)
[ vista simple ]
| 000 -CABECERA | |
|---|---|
| Campo de control | 01346nam a2200253 a 4500 |
| 005 - FECHA Y HORA DE LA ULTIMA TRANSACCION | |
| Campo de control | 20180803165359.0 |
| 008 - ELEMENTOS DE LONGITUD FIJA—INFORMACION GENERAL | |
| Campo de control | 140128b2006 ck ||||| |||| 00| 0 spa d |
| 040 ## - FUENTE DE CATALOGACIÓN | |
| Agencia transcriptora | CO-BoIH |
| 041 ## - IDIOMA | |
| Código de idioma para texto/pista de sonido o título separado | Español |
| 044 ## - PAÍS DE PUBLICACIÓN | |
| País de publicación | Colombia |
| 090 ## - CLASIFICACIÓN LOCAL | |
| Colección | IAVH |
| Consecutivo | 00895 |
| 100 ## - ASIENTO PRINCIPAL--NOMBRE PERSONAL | |
| Nombre personal | Cárdenas Botero, Klaudia |
| 245 ## - MENCION DE TITULO | |
| Título | Percepción cultural de cercas vivas en cuatro zonas de los Andes Colombianos. Ventanas de estudio: Cuanca del río Chambery (Aranzazu, Caldas), Cuenca del río Nima (Palmira, Valle del Cauca), Cuenca del río Cane-Iguaque (Villa del Leyva, Boyacá), Cuenca del río Pasto (Pasto, Nariño) |
| 260 ## - PUBLICACION, DISTRIBUCION, ETC. (PIE DE IMPRENTA) | |
| Lugar de publicación, distribución, etc. | Bogotá |
| Nombre del editor, distribuidor, etc. | Instituto Alexander von Humboldt |
| Fecha de publicación, distribución, etc. | 2006 |
| 300 ## - DESCRIPCION FISICA | |
| Extensión | 341 p. |
| 520 ## - NOTA DE RESUMEN, ETC. | |
| Nota de resumen | Se centra en la percepción cultural de la cercas vivas en el paisaje ganadero, como elemento complementario de análisis eco-sistémico y como una manera de acercamiento a las expectativas de las comunidades con respecto al menejo de sus sistemas productivos. Propone un primer acercamiento para la construcción herramientas metodológicas que cobran acda vez más relevancia para este tipo de estudios y análisis |
| 650 ## - ASIENTO SECUNDARIO DE MATERIA - TERMINO TEMATICO | |
| Término temático o nombre geográfico como elemento de entrada | Comunidades |
| 650 ## - ASIENTO SECUNDARIO DE MATERIA - TERMINO TEMATICO | |
| Término temático o nombre geográfico como elemento de entrada | Saberes locales |
| 650 ## - ASIENTO SECUNDARIO DE MATERIA - TERMINO TEMATICO | |
| Término temático o nombre geográfico como elemento de entrada | Percepción cultural |
| 650 ## - ASIENTO SECUNDARIO DE MATERIA - TERMINO TEMATICO | |
| Término temático o nombre geográfico como elemento de entrada | Paisajes rurales |
| 650 ## - ASIENTO SECUNDARIO DE MATERIA - TERMINO TEMATICO | |
| Término temático o nombre geográfico como elemento de entrada | Cerca viva |
| 942 ## - ELEMENTOS ADICIONALES (KOHA) | |
| Tipo de ítem | Informe Técnico |
| Sistema de clasificación | Local |
| Koha issues (borrowed), all copies | 1 |
| 945 ## - PROCESAMIENTO LOCAL | |
| AAAA-MM-DD - Fecha de ingreso o modificacion | 2008-09-02 |
| Withdrawn status | Lost status | Sistema de Clasificación | Damaged status | No para préstamo | Colección | Inventariado | Ubicación Permanente | Ubicación actual | Fecha de adquisición | Total Checkouts | Total Renewals | Número topográfico | Inventario / Código de Barras | Date last seen | Date checked out | Ejemplar | Price effective from | Forma de adquisición | Tipo de material |
|---|---|---|---|---|---|---|---|---|---|---|---|---|---|---|---|---|---|---|---|
| Local | Humboldt | Inventariado 2017 | Bogotá | Bogotá | 02/08/2008 | 1 | 1 | IAVH-00895 | 026337 | 09/08/2024 | 12/03/2014 | Ej. 1 | 04/12/2012 | Informe Técnico |